<?xml version="1.0" encoding="UTF-8"?>
<record
    xmlns:xsi="http://www.w3.org/2001/XMLSchema-instance"
    xsi:schemaLocation="http://www.loc.gov/MARC21/slim http://www.loc.gov/standards/marcxml/schema/MARC21slim.xsd"
    xmlns="http://www.loc.gov/MARC21/slim">

  <leader>02100nam a22002777u 4500</leader>
  <controlfield tag="001">pwiiw3244</controlfield>
  <controlfield tag="003">OSt</controlfield>
  <controlfield tag="005">20260517120328.0</controlfield>
  <controlfield tag="008">060710t2006    au ||||| |||| 00| ||eng d</controlfield>
  <datafield tag="040" ind1=" " ind2=" ">
    <subfield code="c">OSt</subfield>
  </datafield>
  <datafield tag="041" ind1=" " ind2=" ">
    <subfield code="a">eng</subfield>
  </datafield>
  <datafield tag="084" ind1=" " ind2=" ">
    <subfield code="a">F22</subfield>
    <subfield code="a">O15</subfield>
    <subfield code="a">O16</subfield>
    <subfield code="2">jelc</subfield>
  </datafield>
  <datafield tag="100" ind1="1" ind2=" ">
    <subfield code="a">Pop, Daniel</subfield>
  </datafield>
  <datafield tag="245" ind1="1" ind2="0">
    <subfield code="a">The Developmental Effectiveness of Remittances: Case Study on Huedin Town, Romania</subfield>
  </datafield>
  <datafield tag="260" ind1=" " ind2=" ">
    <subfield code="a">Wien :</subfield>
    <subfield code="b">Wiener Institut f&#xFC;r Internationale Wirtschaftsvergleiche (wiiw),</subfield>
    <subfield code="c">2006.</subfield>
  </datafield>
  <datafield tag="490" ind1="1" ind2=" ">
    <subfield code="a">wiiw Balkan Observatory Working Papers</subfield>
    <subfield code="v">64</subfield>
  </datafield>
  <datafield tag="520" ind1=" " ind2=" ">
    <subfield code="a">Relying on survey data from Huedin, a town in Romania, we seek to provide an empirical evidence for the hypothesis according to which remittances could have either a positive or negative developmental impact at community level. For this, we inquire about the perceptions of migratory processes with focus on the possible effects of remittances in the local economy. Our first finding is that residents share a common view on the reasons of migration, namely that it has been triggered by the large pay levels that exists between the level of local and the Western European labor markets and that migration opportunity was enhanced by the lifting of visa requirements for Schengen countries. We have also found that remittances constitute a significant source of liquidity inflow and that the ways in which repatriated earnings were spent have influenced the performance of the local economy. We conclude that a reinterpretation of migration is required in order to capture the investment and entrepreneurial aspects of the phenomenon. In the formal model proposed in Appendix 2, we make a first attempt to conceptualise migration as a sector of the local economy in which migrants are entrepreneurs, who invest in migration activities to produce the composite commodity remittance.</subfield>
  </datafield>
  <datafield tag="650" ind1=" " ind2=" ">
    <subfield code="a">Remittances</subfield>
  </datafield>
  <datafield tag="650" ind1=" " ind2=" ">
    <subfield code="a">migration</subfield>
  </datafield>
  <datafield tag="650" ind1=" " ind2=" ">
    <subfield code="a">development</subfield>
  </datafield>
  <datafield tag="650" ind1=" " ind2=" ">
    <subfield code="a">Romania</subfield>
  </datafield>
  <datafield tag="651" ind1=" " ind2=" ">
    <subfield code="a">Romania</subfield>
  </datafield>
  <datafield tag="830" ind1=" " ind2="0">
    <subfield code="v">64</subfield>
    <subfield code="w">WIIW0000140</subfield>
    <subfield code="t">wiiw Balkan Observatory Working Papers</subfield>
  </datafield>
  <datafield tag="856" ind1="4" ind2="0">
    <subfield code="u">https://wiiw.ac.at/p-3244.html</subfield>
  </datafield>
  <datafield tag="942" ind1=" " ind2=" ">
    <subfield code="c">P</subfield>
    <subfield code="2">z</subfield>
  </datafield>
  <datafield tag="999" ind1=" " ind2=" ">
    <subfield code="c">8704</subfield>
    <subfield code="d">8704</subfield>
  </datafield>
  <datafield tag="952" ind1=" " ind2=" ">
    <subfield code="0">0</subfield>
    <subfield code="1">0</subfield>
    <subfield code="4">0</subfield>
    <subfield code="7">0</subfield>
    <subfield code="a">BIB</subfield>
    <subfield code="b">BIB</subfield>
    <subfield code="c">1</subfield>
    <subfield code="d">2006-07-10</subfield>
    <subfield code="i">pwiiw3244</subfield>
    <subfield code="l">0</subfield>
    <subfield code="o">64</subfield>
    <subfield code="p">1000010003244</subfield>
    <subfield code="r">2006-07-10 00:00:00</subfield>
    <subfield code="w">2019-02-05</subfield>
    <subfield code="y">P</subfield>
  </datafield>
</record>
